[Event "candidates (w)"]
[Site "Groningen NED"]
[Date "1997.12.09"]
[Round "1"]
[White "Maric, Alisa"]
[Black "Gurieli, Nino"]
[Result "1-0"]
[WhiteElo "2460"]
[BlackElo "2370"]
[EventDate "1997.12.09"]
[PlyCount "85"]

1.d4 Nf6 2.Nf3 g6 3.c4 Bg7 4.g3 O-O 5.Bg2 d5 6.cxd5 Nxd5 7.O-O Nb6 8.Nc3 
Nc6 9.e3 e5 10.d5 Na5 11.e4 c6 12.Bg5 f6 13.Be3 cxd5 14.exd5 Nac4 15.Bc5 
Rf7 16.Nd2 Bf5 17.Nxc4 Nxc4 18.Qe2 Nb6 19.Rfd1 Bf8 20.Bxb6 axb6 21.d6 Qd7 
22.Nd5 Qd8 23.Nc7 Rxc7 24.dxc7 Qxc7 25.Rac1 Qf7 26.Bd5 Be6 27.Bxe6 Qxe6 
28.Qc4 Qxc4 29.Rxc4 Bc5 30.Rd7 Rxa2 31.Rxb7 h5 32.Kg2 f5 33.h4 e4 34.Rc1 
Ra8 35.Rd1 Re8 36.Rdd7 e3 37.fxe3 Bxe3 38.Rg7+ Kh8 39.Rh7+ Kg8 40.Rbg7+ 
Kf8 41.Rxg6 Bd4 42.Rxh5 Kf7 43.Rc6 1-0

[Event "candidates (w)"]
[Site "Groningen NED"]
[Date "1997.12.09"]
[Round "1"]
[White "Kachiani-Gersinska, Ketino"]
[Black "Cramling, Pia"]
[Result "1/2-1/2"]
[WhiteElo "2415"]
[BlackElo "2520"]
[EventDate "1997.12.09"]
[PlyCount "96"]

1.d4 Nf6 2.c4 e6 3.g3 c5 4.d5 exd5 5.cxd5 Bd6 6.Nc3 Be5 7.d6 Qb6 8.Nf3 
Bxd6 9.Bg5 Be7 10.Bh3 O-O 11.O-O Nc6 12.Rb1 h6 13.Bxf6 Bxf6 14.Nd5 Qd8 15.
Nd2 d6 16.Bxc8 Rxc8 17.Ne4 Be7 18.e3 Re8 19.Kg2 Bf8 20.Qg4 Kh8 21.Rbd1 Ne5
22.Qf5 Qd7 23.Qxd7 Nxd7 24.Ndc3 Rc6 25.g4 Nb6 26.f3 Nc4 27.Nd5 Re5 28.b3 
Rxd5 29.bxc4 Rxd1 30.Rxd1 Ra6 31.Rd2 Ra4 32.Rc2 Be7 33.h4 Ra3 34.Re2 Ra4 
35.Rc2 Ra3 36.Re2 g6 37.h5 Kg7 38.hxg6 fxg6 39.f4 Ra4 40.Rd2 Rxc4 41.Nxd6 
Bxd6 42.Rxd6 g5 43.Kf3 gxf4 44.exf4 Rb4 45.Rd7+ Kf6 46.Rd6+ Kg7 47.Rd7+ 
Kf6 48.Rd6+ Kg7 1/2-1/2

[Event "candidates (w)"]
[Site "Groningen NED"]
[Date "1997.12.10"]
[Round "2"]
[White "Cramling, Pia"]
[Black "Galliamova-Ivanchuk, Alisa"]
[Result "1/2-1/2"]
[WhiteElo "2520"]
[BlackElo "2445"]
[EventDate "1997.12.09"]
[PlyCount "82"]

1.d4 d5 2.Nf3 Nf6 3.c4 c6 4.Nc3 e6 5.Bg5 h6 6.Bxf6 Qxf6 7.e3 Nd7 8.Bd3 
dxc4 9.Bxc4 Bd6 10.O-O Qe7 11.Ne4 Bc7 12.Rc1 O-O 13.Bb3 Rd8 14.Qc2 Nf8 15.
Rfd1 Bd7 16.Nc5 Rab8 17.a3 Be8 18.Ba2 Kh8 19.Nd3 b6 20.b4 Rdc8 21.Rd2 Ra8 
22.Qb2 a5 23.Rdc2 axb4 24.axb4 f6 25.Rc3 Ra7 26.Ra3 Rxa3 27.Qxa3 Bg6 28.
Nfe1 Bd6 29.Qa6 Qd8 30.Qc4 Ra8 31.Bb1 Be8 32.g3 Qe7 33.e4 Rd8 34.e5 Bb8 
35.Nf3 Qd7 36.Ba2 Bh5 37.Nde1 Be8 38.Nd3 Bh5 39.Nde1 Be8 40.Nd3 Bh5 41.
Nde1 Be8 1/2-1/2

[Event "candidates (w)"]
[Site "Groningen NED"]
[Date "1997.12.10"]
[Round "2"]
[White "Gurieli, Nino"]
[Black "Kachiani-Gersinska, Ketino"]
[Result "1-0"]
[WhiteElo "2370"]
[BlackElo "2415"]
[EventDate "1997.12.09"]
[PlyCount "83"]

1.d4 Nf6 2.Nf3 g6 3.g3 Bg7 4.Bg2 O-O 5.O-O d6 6.c4 Nc6 7.Nc3 a6 8.Re1 Bd7 
9.e4 Bg4 10.Be3 Nd7 11.h3 Bxf3 12.Bxf3 e5 13.dxe5 Ndxe5 14.Be2 Na5 15.c5 
Nec4 16.Bf4 dxc5 17.Qc2 c6 18.Rad1 Qe7 19.b3 Ne5 20.Na4 c4 21.b4 Qxb4 22.
Bd2 Qa3 23.Bxa5 b5 24.Nb6 Rab8 25.Qd2 c3 26.Bxc3 Nf3+ 27.Bxf3 Bxc3 28.Qe3 
Rxb6 29.Rd3 Rfb8 30.Rxc3 Qxa2 31.Rd1 Qe6 32.Rcd3 R8b7 33.Rd8+ Kg7 34.Qc5 
Qe7 35.Qc3+ f6 36.g4 b4 37.Qc4 b3 38.Rg8+ Kh6 39.Qc1+ g5 40.h4 Rb5 41.
hxg5+ Rxg5 42.Kg2 1-0

[Event "candidates (w)"]
[Site "Groningen NED"]
[Date "1997.12.11"]
[Round "3"]
[White "Ioseliani, Nana"]
[Black "Cramling, Pia"]
[Result "1-0"]
[WhiteElo "2520"]
[BlackElo "2520"]
[EventDate "1997.12.09"]
[PlyCount "61"]

1.e4 e6 2.d3 c5 3.g3 Nc6 4.Bg2 g6 5.Nf3 Bg7 6.O-O Nge7 7.c3 e5 8.Be3 d6 9.
h3 O-O 10.Na3 b6 11.d4 exd4 12.cxd4 d5 13.exd5 Nxd5 14.Bg5 f6 15.Bc1 Ba6 
16.Re1 Ndb4 17.Qb3+ Kh8 18.dxc5 Qd3 19.cxb6 Qxb3 20.axb3 axb6 21.Bd2 Nd3 
22.Re6 Rac8 23.Ne1 Nxe1 24.Raxe1 Nd4 25.Rxb6 Bd3 26.Kh2 Rfd8 27.Bc3 f5 28.
Rb7 Bf8 29.Rd1 Bxa3 30.Rxd3 Bc5 31.b4 1-0

[Event "candidates (w)"]
[Site "Groningen NED"]
[Date "1997.12.11"]
[Round "3"]
[White "Kachiani-Gersinska, Ketino"]
[Black "Peng Zhaoqin"]
[Result "1/2-1/2"]
[WhiteElo "2415"]
[BlackElo "2400"]
[EventDate "1997.12.09"]
[PlyCount "47"]

1.d4 Nf6 2.c4 e6 3.g3 d5 4.Nf3 c6 5.Bg2 Nbd7 6.Qc2 Bd6 7.Nbd2 O-O 8.O-O 
Re8 9.Re1 e5 10.cxd5 cxd5 11.dxe5 Nxe5 12.Nxe5 Bxe5 13.Nf3 Bc7 14.Bg5 Bb6 
15.e3 h6 16.Bxf6 Qxf6 17.Nd4 Qe5 18.Qd2 Bg4 19.h3 Bd7 20.Red1 Rac8 21.Ne2 
Bc6 22.Rac1 Rcd8 23.Nd4 Bd7 24.Nf3 1/2-1/2

[Event "candidates (w)"]
[Site "Groningen NED"]
[Date "1997.12.11"]
[Round "3"]
[White "Galliamova-Ivanchuk, Alisa"]
[Black "Gurieli, Nino"]
[Result "1-0"]
[WhiteElo "2445"]
[BlackElo "2370"]
[EventDate "1997.12.09"]
[PlyCount "179"]

1.d4 Nf6 2.c4 e6 3.Nc3 d5 4.cxd5 exd5 5.Bg5 Be7 6.e3 c6 7.Bd3 Nbd7 8.Qc2 
Nh5 9.Bxe7 Qxe7 10.Nge2 Nb6 11.O-O g6 12.Rab1 O-O 13.b4 a6 14.a4 Bd7 15.
Rfe1 Rfe8 16.a5 Nc8 17.Na4 Nd6 18.Nb6 Rad8 19.Nxd7 Rxd7 20.Nc1 Qg5 21.Nb3 
Rde7 22.Re2 f5 23.g3 f4 24.exf4 Nxf4 25.Rxe7 Rxe7 26.Bf1 Nf5 27.Qd1 Re4 
28.Kh1 Nh5 29.Nc5 Rxd4 30.Qe1 Nhg7 31.Nxb7 Re4 32.Qc3 Ne7 33.Nc5 Qf5 34.
Qc2 Qf3+ 35.Kg1 Re5 36.Qd1 Qc3 37.Rb3 Re1 38.Rxc3 Rxd1 39.Kg2 Ngf5 40.Bxa6
Rb1 41.Nb3 Rb2 42.Bb7 d4 43.Rd3 Ne3+ 44.Kh3 Rxf2 45.Nxd4 Nf1 46.Nf3 h5 47.
a6 Ra2 48.Rd1 Ne3 49.Rd2 Ra4 50.Re2 N7d5 51.Nd4 g5 52.Nxc6 Kg7 53.Nd4 g4+ 
54.Kh4 Kh6 55.Bxd5 Nxd5 56.Re6+ Kg7 57.Rd6 Nxb4 58.Kxh5 Nxa6 59.Kxg4 Kf7 
60.Kh3 Nc5 61.Nf5 Ne6 62.g4 Ng5+ 63.Kh4 Nf3+ 64.Kh5 Nxh2 65.g5 Ra5 66.g6+ 
Ke8 67.g7 Kf7 68.Rd7+ Ke6 69.g8=Q+ Kxd7 70.Qg7+ Ke6 71.Qe7+ Kxf5 72.Qg5+ 
Ke4 73.Qxa5 Nf3 74.Kg4 Nd4 75.Qd2 Ke5 76.Qd3 Ne6 77.Qe3+ Kd5 78.Kf5 Nd4+ 
79.Kf6 Kc4 80.Ke5 Nc6+ 81.Ke4 Nb4 82.Qc1+ Kb3 83.Qc5 Na2 84.Kd4 Kb2 85.Kc4
Nc1 86.Qb4+ Kc2 87.Qe1 Na2 88.Qf2+ Kb1 89.Kb3 Nc1+ 90.Ka3 1-0

[Event "candidates (w)"]
[Site "Groningen NED"]
[Date "1997.12.12"]
[Round "4"]
[White "Gurieli, Nino"]
[Black "Ioseliani, Nana"]
[Result "0-1"]
[WhiteElo "2370"]
[BlackElo "2520"]
[EventDate "1997.12.09"]
[PlyCount "63"]

1.d4 d5 2.c4 e6 3.Nf3 c6 4.Nc3 dxc4 5.a4 Bb4 6.e3 b5 7.Be2 Bb7 8.O-O a6 9.
axb5 cxb5 10.Ne5 Nf6 11.Bf3 Qb6 12.Bd2 O-O 13.b3 cxb3 14.Qxb3 Bxc3 15.Bxc3
Bxf3 16.gxf3 Nc6 17.Nxc6 Qxc6 18.e4 Nh5 19.Bd2 Qd7 20.Qe3 Rfd8 21.Ba5 Rdc8
22.Rfd1 Qd6 23.Qg5 g6 24.d5 e5 25.Qe3 Nf4 26.Kh1 Rab8 27.Qb3 b4 28.Rdc1 
Qd7 29.Rxc8+ Rxc8 30.Bxb4 Qh3 31.Rg1 Rc1 32.Be1 0-1

[Event "candidates (w)"]
[Site "Groningen NED"]
[Date "1997.12.12"]
[Round "4"]
[White "Maric, Alisa"]
[Black "Kachiani-Gersinska, Ketino"]
[Result "1/2-1/2"]
[WhiteElo "2460"]
[BlackElo "2415"]
[EventDate "1997.12.09"]
[PlyCount "83"]

1.d4 Nf6 2.Nf3 g6 3.g3 Bg7 4.Bg2 O-O 5.O-O d6 6.Re1 Nbd7 7.e4 e5 8.c3 Re8 
9.Nbd2 b6 10.Qc2 Bb7 11.b3 d5 12.exd5 exd4 13.Rxe8+ Qxe8 14.Nxd4 Bxd5 15.
Bb2 Nc5 16.c4 Bxg2 17.Kxg2 Ng4 18.h3 Ne5 19.N2f3 Ned3 20.Bc3 Qe4 21.Kg1 a5
22.Rd1 Rd8 23.Nd2 Qe7 24.N2f3 Qe4 25.Nd2 Qa8 26.N2f3 Nb4 27.Qb1 Qe4 28.
Qxe4 Nxe4 29.Bxb4 axb4 30.Re1 f5 31.Nc6 Rd3 32.Kg2 Bc3 33.Re2 Rd1 34.g4 
Kf7 35.gxf5 gxf5 36.Nfe5+ Kf6 37.f3 Bxe5 38.fxe4 fxe4 39.Rxe4 Rd2+ 40.Kf3 
Bd6 41.Re2 Rd3+ 42.Re3 1/2-1/2

[Event "candidates (w)"]
[Site "Groningen NED"]
[Date "1997.12.14"]
[Round "5"]
[White "Ioseliani, Nana"]
[Black "Peng Zhaoqin"]
[Result "1/2-1/2"]
[WhiteElo "2520"]
[BlackElo "2400"]
[EventDate "1997.12.09"]
[PlyCount "38"]

1.e4 e6 2.d4 d5 3.e5 c5 4.c3 Nc6 5.Nf3 Qb6 6.a3 c4 7.Nbd2 Na5 8.g3 Bd7 9.
h4 h6 10.Bh3 O-O-O 11.O-O Ne7 12.h5 Kb8 13.Nh4 Nc8 14.Ng2 Be7 15.Kh2 Rdg8 
16.Ne3 Qd8 17.Qe2 Nb6 18.Rb1 Qe8 19.Re1 Na4 1/2-1/2

[Event "candidates (w)"]
[Site "Groningen NED"]
[Date "1997.12.14"]
[Round "5"]
[White "Kachiani-Gersinska, Ketino"]
[Black "Xie Jun"]
[Result "0-1"]
[WhiteElo "2415"]
[BlackElo "2495"]
[EventDate "1997.12.09"]
[PlyCount "78"]

1.d4 Nf6 2.c4 g6 3.Nc3 Bg7 4.e4 d6 5.Be2 O-O 6.Bg5 Na6 7.h4 e5 8.d5 c6 9.
h5 cxd5 10.cxd5 Qb6 11.h6 Bh8 12.Rb1 Bd7 13.Be3 Qa5 14.Bd2 Rfc8 15.g4 Qd8 
16.f3 Ne8 17.Nh3 Nac7 18.b4 Bf6 19.a4 Na6 20.Bb5 Bxb5 21.Nxb5 Nb8 22.Na3 
Nd7 23.a5 a6 24.Ke2 b6 25.Qa4 bxa5 26.Qxa5 Rc7 27.Rhc1 Qb8 28.Rc6 Rxc6 29.
dxc6 Nb6 30.Bg5 Bxg5 31.Nxg5 Nc7 32.Rd1 f6 33.Rxd6 fxg5 34.Qxe5 Ne8 35.
Qe6+ Kf8 36.Rd2 Ra7 37.Rc2 Re7 38.Qb3 Qh2+ 39.Kd1 Qxh6 0-1

[Event "candidates (w)"]
[Site "Groningen NED"]
[Date "1997.12.14"]
[Round "5"]
[White "Galliamova-Ivanchuk, Alisa"]
[Black "Maric, Alisa"]
[Result "1-0"]
[WhiteElo "2445"]
[BlackElo "2460"]
[EventDate "1997.12.09"]
[PlyCount "149"]

1.e4 e5 2.Nf3 Nc6 3.Bb5 Nf6 4.O-O Nxe4 5.d4 Nd6 6.Bxc6 dxc6 7.dxe5 Nf5 8.
Qxd8+ Kxd8 9.Rd1+ Ke8 10.Nc3 h6 11.h3 Ne7 12.Nd4 Ng6 13.f4 Bc5 14.Ne4 
Bxd4+ 15.Rxd4 b6 16.Be3 Bf5 17.Ng3 Ne7 18.c4 h5 19.Rad1 h4 20.Nxf5 Nxf5 
21.R4d3 Rc8 22.Kf2 Ke7 23.Kf3 c5 24.Bf2 Ke6 25.Kg4 a5 26.b3 Ra8 27.Rd7 
Rac8 28.R1d5 Rh6 29.Rd8 Rh8 30.R8d7 Rh6 31.a3 Rhh8 32.Rd3 Nd4 33.Rd5 Nf5 
34.b4 axb4 35.axb4 cxb4 36.c5 bxc5 37.Rxc5 c6 38.Rc4 g6 39.Rxb4 Rhd8 40.
Rbb3 Rxd3 41.Rxd3 Ra8 42.Rd2 Ra4 43.Rc2 Kd7 44.Kg5 Re4 45.Bc5 Ke6 46.Bb6 
Ne7 47.Bd8 Nf5 48.Bb6 Ne7 49.Bf2 Kd7 50.Bxh4 Nd5 51.Bg3 Ra4 52.h4 Ne3 53.
Rd2+ Ke8 54.Re2 Nf5 55.Bf2 Ng7 56.g3 c5 57.Rb2 Ne6+ 58.Kf6 Ra6 59.Rb8+ 
Nd8+ 60.Kg7 Rc6 61.g4 Kd7 62.f5 Kc7 63.Rxd8 Kxd8 64.Kxf7 gxf5 65.gxf5 Rc7+
66.Kf8 Re7 67.e6 Re8+ 68.Kf7 Re7+ 69.Kg6 c4 70.Bd4 Ke8 71.h5 c3 72.Bxc3 
Rc7 73.Bg7 Rc2 74.f6 Rg2+ 75.Kh7 1-0

[Event "candidates (w)"]
[Site "Groningen NED"]
[Date "1997.12.14"]
[Round "5"]
[White "Arakhamia-Grant, Ketevan"]
[Black "Cramling, Pia"]
[Result "0-1"]
[WhiteElo "2430"]
[BlackElo "2520"]
[EventDate "1997.12.09"]
[PlyCount "82"]

1.e4 e6 2.d4 d5 3.Nc3 Bb4 4.e5 c5 5.a3 Ba5 6.Bd2 Nc6 7.Nb5 Nxd4 8.Bxa5 
Qxa5+ 9.b4 Qb6 10.Nxd4 cxd4 11.Nf3 Ne7 12.Qxd4 Qxd4 13.Nxd4 Ng6 14.Nf3 a5 
15.b5 Bd7 16.h4 f6 17.exf6 gxf6 18.O-O-O Rc8 19.Kb2 Ne7 20.g4 Rc5 21.a4 
Nc8 22.Nd2 Nb6 23.Ra1 Ke7 24.f3 e5 25.Bd3 h6 26.Rhe1 Be6 27.Rg1 Rc7 28.
Rge1 Nd7 29.Nb3 Ra8 30.Re2 Kd6 31.Rd1 Nb6 32.Ka3 Rc3 33.Ra1 d4 34.Be4 Bd5 
35.Rd1 Rac8 36.f4 Bxe4 37.Rxe4 Rxc2 38.Nxa5 Kd5 39.Rde1 R8c3+ 40.Nb3 Nc4+ 
41.Kb4 Rb2 0-1

[Event "candidates (w)"]
[Site "Groningen NED"]
[Date "1997.12.15"]
[Round "6"]
[White "Gurieli, Nino"]
[Black "Arakhamia-Grant, Ketevan"]
[Result "0-1"]
[WhiteElo "2370"]
[BlackElo "2430"]
[EventDate "1997.12.09"]
[PlyCount "106"]

1.d4 Nf6 2.c4 g6 3.g3 c6 4.Bg2 d5 5.cxd5 cxd5 6.Nc3 Bg7 7.Nf3 O-O 8.Ne5 e6
9.O-O Nfd7 10.f4 Nc6 11.Be3 Nb6 12.Bf2 f6 13.Nf3 f5 14.Ne5 Bd7 15.Rc1 Ne7 
16.Qb3 Bc6 17.Rfd1 Rc8 18.Qa3 a6 19.b3 Bf6 20.e3 Kg7 21.Be1 Be8 22.Nb1 
Rxc1 23.Rxc1 Nbc8 24.Bb4 Rg8 25.Nd2 Bb5 26.Ndf3 h6 27.Bf1 Bxf1 28.Kxf1 Na7
29.Ba5 Qe8 30.Kf2 Nec6 31.Qc5 Be7 32.Qb6 Qc8 33.Nxc6 Nxc6 34.Ne5 Bd8 35.
Qc5 Bxa5 36.Nxc6 bxc6 37.Qxa5 Qb7 38.Qc5 Rc8 39.Qd6 Kf7 40.Kf3 Qc7 41.Qa3 
Qb7 42.Rc5 g5 43.h3 Kf6 44.Qa5 Rg8 45.Qc3 g4+ 46.hxg4 Qg7 47.g5+ hxg5 48.
Qe1 Rh8 49.fxg5+ Qxg5 50.Ke2 Rh3 51.Rxc6 Rxg3 52.Kd2 Rg1 53.Qe2 Rg2 0-1

[Event "candidates (w)"]
[Site "Groningen NED"]
[Date "1997.12.15"]
[Round "6"]
[White "Maric, Alisa"]
[Black "Ioseliani, Nana"]
[Result "0-1"]
[WhiteElo "2460"]
[BlackElo "2520"]
[EventDate "1997.12.09"]
[PlyCount "82"]

1.d4 d5 2.Nf3 c6 3.c4 e6 4.Qc2 dxc4 5.Qxc4 Nf6 6.Bg5 Nbd7 7.Nc3 Qb6 8.e4 
Qxb2 9.Rb1 Qa3 10.Be2 h6 11.Bd2 Qe7 12.O-O Qd8 13.Bd1 Be7 14.Bc2 Nb6 15.
Qe2 Kf8 16.Be3 Nbd7 17.Nd2 Qa5 18.Nc4 Qd8 19.f4 Kg8 20.a4 a5 21.f5 exf5 
22.Rxf5 Nf8 23.Rff1 Bg4 24.Qf2 Bh5 25.Rxb7 Ng4 26.Qd2 Ne6 27.d5 Nxe3 28.
Nxe3 Bc5 29.Kh1 Ng5 30.Nc4 Qc8 31.Rbb1 Bg6 32.Ne5 cxd5 33.Nxg6 fxg6 34.
Qxd5+ Kh7 35.e5 Rd8 36.Qa2 Qe6 37.h4 Qg4 38.Bxg6+ Kxg6 39.Qc2+ Kh5 40.Qe2 
Qxe2 41.Nxe2 Ne6 0-1

[Event "candidates (w)"]
[Site "Groningen NED"]
[Date "1997.12.16"]
[Round "7"]
[White "Arakhamia-Grant, Ketevan"]
[Black "Peng Zhaoqin"]
[Result "1/2-1/2"]
[WhiteElo "2430"]
[BlackElo "2400"]
[EventDate "1997.12.09"]
[PlyCount "117"]

1.e4 e6 2.d4 d5 3.Nc3 Bb4 4.e5 c5 5.a3 Bxc3+ 6.bxc3 Qa5 7.Bd2 Qa4 8.Qg4 
Kf8 9.Qd1 Ne7 10.Nf3 b6 11.c4 Nbc6 12.dxc5 bxc5 13.c3 Qxd1+ 14.Rxd1 Ba6 
15.Be3 dxc4 16.Rd6 Rc8 17.Bxc5 Ke8 18.Nd4 Nxd4 19.cxd4 Rc6 20.Rxc6 Nxc6 
21.Kd2 Kd7 22.Kc3 Rb8 23.Bxc4 Bxc4 24.Kxc4 a6 25.Kc3 Ne7 26.Rd1 Nd5+ 27.
Kc2 h5 28.Rd3 Rb7 29.Rf3 Kc6 30.h3 g6 31.g3 Kb5 32.Rb3+ Kc6 33.Rf3 Kb5 34.
Kb3 Rd7 35.a4+ Kc6 36.Kc4 Rb7 37.g4 h4 38.g5 Rd7 39.Kd3 Rc7 40.Ke4 Rb7 41.
Ba3 Kb6 42.Rb3+ Kc6 43.Rd3 Rb1 44.Rf3 Re1+ 45.Kd3 Rd1+ 46.Ke4 Re1+ 47.Kd3 
Rd1+ 48.Kc4 Nb6+ 49.Kb3 Rxd4 50.Bd6 Nd5 51.Rxf7 Rd3+ 52.Kc4 Rxh3 53.Rg7 
Rf3 54.Rxg6 Rf4+ 55.Kb3 Rf3+ 56.Kc4 Rf4+ 57.Kb3 Rf3+ 58.Kc4 Rf4+ 59.Kb3 
1/2-1/2

[Event "candidates (w)"]
[Site "Groningen NED"]
[Date "1997.12.16"]
[Round "7"]
[White "Galliamova-Ivanchuk, Alisa"]
[Black "Xie Jun"]
[Result "0-1"]
[WhiteElo "2445"]
[BlackElo "2495"]
[EventDate "1997.12.09"]
[PlyCount "114"]

1.e4 e5 2.Nf3 Nc6 3.Bb5 a6 4.Ba4 Nf6 5.O-O b5 6.Bb3 Be7 7.Re1 d6 8.a4 Bd7 
9.c3 O-O 10.d4 h6 11.Nbd2 Re8 12.Nf1 Bf8 13.Ng3 Na5 14.Bc2 c5 15.dxe5 dxe5
16.Nf5 b4 17.cxb4 cxb4 18.N3h4 Be6 19.Qf3 Nd7 20.Qg3 Kh8 21.Bd2 Qf6 22.
Rad1 Rec8 23.Bb1 Nb6 24.f4 Nbc4 25.fxe5 Qxe5 26.Bf4 Qxb2 27.e5 Na3 28.Be4 
Ra7 29.Be3 Rac7 30.Bd4 Qb3 31.Rd3 Qxa4 32.Nd6 Nc2 33.Nxf7+ Bxf7 34.e6 Nxe1
35.Ng6+ Kg8 36.exf7+ Rxf7 37.Qxe1 Rd8 38.Nxf8 Rfxf8 39.h3 Qb5 40.Qe3 Nc6 
41.Bb2 a5 42.Bd5+ Rxd5 43.Qe6+ Kh7 44.Rxd5 Qc4 45.Kh2 Rf2 46.Bd4 Nxd4 47.
Qe4+ Kg8 48.Rxd4 Qc7+ 49.Kg1 Rf8 50.Qd3 Qb6 51.Kh2 b3 52.Rd5 Kh8 53.Rb5 
Qc7+ 54.Kg1 a4 55.Qd5 b2 56.Qa2 Qc1+ 57.Kh2 Qf4+ 0-1

[Event "candidates (w)"]
[Site "Groningen NED"]
[Date "1997.12.17"]
[Round "8"]
[White "Gurieli, Nino"]
[Black "Peng Zhaoqin"]
[Result "1/2-1/2"]
[WhiteElo "2370"]
[BlackElo "2400"]
[EventDate "1997.12.09"]
[PlyCount "178"]

1.Nf3 d5 2.d4 c5 3.g3 cxd4 4.Bg2 Qa5+ 5.Nbd2 Nc6 6.O-O e5 7.Nb3 Qc7 8.e3 
dxe3 9.Bxe3 Nf6 10.Bg5 Be6 11.Ne1 Ne4 12.Be3 f5 13.Nd3 Bd6 14.f4 O-O 15.
fxe5 Bxe5 16.Nxe5 Qxe5 17.Bd4 Nxd4 18.Qxd4 Qc7 19.c3 a5 20.Nc1 Rac8 21.Ne2
Qc4 22.Qxc4 Rxc4 23.Rad1 Rc5 24.Nf4 Kf7 25.Nxd5 Nf6 26.Nxf6 Kxf6 27.Rd6 b5
28.Re1 Re5 29.Rxe5 Kxe5 30.Rb6 Bc4 31.b3 Bd3 32.Bf1 Rd8 33.Bxd3 Rxd3 34.
Rxb5+ Ke4 35.Rxa5 g5 36.Ra4+ Kf3 37.Rd4 Rxc3 38.Rd1 Rc2 39.Rf1+ Ke3 40.
Rxf5 g4 41.Re5+ Kf3 42.Rf5+ Ke3 43.Rf4 h5 44.a4 Rb2 45.b4 Rb1+ 46.Rf1 Rxb4
47.Ra1 Rb6 48.a5 Ra6 49.Ra4 Ke2 50.Kg2 Ke3 51.h3 Ra8 52.a6 Ra7 53.Ra5 Ke4 
54.Kh2 Kf3 55.Rxh5 Rxa6 56.Rf5+ Ke4 57.Rf4+ Ke5 58.hxg4 Ra8 59.Rf5+ Ke6 
60.Kh3 Rh8+ 61.Rh5 Ra8 62.Kh4 Kf6 63.Rh6+ Kg7 64.Rb6 Ra7 65.Kh5 Kh7 66.g5 
Kg7 67.g4 Rc7 68.Rg6+ Kh7 69.Re6 Kg7 70.Re5 Ra7 71.Rf5 Ra1 72.g6 Rh1+ 73.
Kg5 Ra1 74.Rf7+ Kg8 75.Rb7 Rc1 76.g7 Rc5+ 77.Kh6 Rc6+ 78.Kh5 Rc5+ 79.g5 
Ra5 80.Rb8+ Kxg7 81.Rb7+ Kg8 82.Kh6 Ra6+ 83.g6 Ra8 84.Rg7+ Kh8 85.Rf7 Kg8 
86.Rf5 Ra1 87.Kg5 Kg7 88.Rf7+ Kg8 89.Rb7 Rg1+ 1/2-1/2

[Event "candidates (w)"]
[Site "Groningen NED"]
[Date "1997.12.17"]
[Round "8"]
[White "Arakhamia-Grant, Ketevan"]
[Black "Kachiani-Gersinska, Ketino"]
[Result "1-0"]
[WhiteElo "2430"]
[BlackElo "2415"]
[EventDate "1997.12.09"]
[PlyCount "107"]

1.e4 c6 2.d4 d5 3.e5 c5 4.dxc5 e6 5.Be3 Nh6 6.c3 Nf5 7.Bd4 Nxd4 8.cxd4 b6 
9.b4 a5 10.Bb5+ Bd7 11.Qa4 Bxb5 12.Qxb5+ Qd7 13.Qxd7+ Kxd7 14.Ne2 axb4 15.
cxb6 Nc6 16.Nd2 Be7 17.O-O Rhb8 18.f4 Rxb6 19.Nb3 Rba6 20.Nec1 Ra3 21.Rb1 
Na5 22.Rb2 Nxb3 23.axb3 Rc8 24.Ne2 f5 25.Kf2 g5 26.g3 h5 27.Rg1 g4 28.h3 
gxh3 29.Rh1 h4 30.Rxh3 hxg3+ 31.Kxg3 Ra1 32.Kf2 Rg8 33.Rh7 Rg4 34.Rc2 Rb1 
35.Ra2 Rh4 36.Ra7+ Kc6 37.Raxe7 Rxh7 38.Rxh7 Rxb3 39.Re7 Ra3 40.Rxe6+ Kb5 
41.Re8 Kc4 42.e6 Ra2 43.Rh8 Ra7 44.Rc8+ Kd3 45.Kf3 Re7 46.Rc6 Re8 47.Rb6 
Kc4 48.Ke3 b3 49.Kd2 Re7 50.Ng3 b2 51.Kc2 Rg7 52.Nxf5 Rg2+ 53.Kb1 Kc3 54.
Ka2 1-0

[Event "candidates (w)"]
[Site "Groningen NED"]
[Date "1997.12.18"]
[Round "9"]
[White "Xie Jun"]
[Black "Gurieli, Nino"]
[Result "1-0"]
[WhiteElo "2495"]
[BlackElo "2370"]
[EventDate "1997.12.09"]
[PlyCount "145"]

1.e4 e6 2.d3 d5 3.Qe2 dxe4 4.dxe4 e5 5.Qf3 Nc6 6.c3 Nf6 7.h3 Be6 8.Bb5 Qd7
9.Be3 a6 10.Ba4 Qd3 11.Nd2 b5 12.Bd1 Rd8 13.Ne2 Bc5 14.Nc1 Qd6 15.Ncb3 
Bxe3 16.Qxe3 Nd7 17.Be2 O-O 18.O-O Nb6 19.Rfd1 Na4 20.Rab1 Qe7 21.Nf3 
Rxd1+ 22.Bxd1 Rd8 23.Bc2 h6 24.a3 Kf8 25.Nc1 Nb6 26.Nd3 Nc4 27.Qe2 a5 28.
Bb3 a4 29.Ba2 Qd6 30.Rd1 f6 31.Bb1 N4a5 32.Bc2 Bc4 33.Nh4 Ne7 34.Qf3 Qe6 
35.Kh2 Bxd3 36.Rxd3 Rxd3 37.Qxd3 Qb6 38.Kg1 Nb7 39.Qd7 Nc5 40.Qd8+ Kf7 41.
Bb1 Qc6 42.Ba2+ Nb3 43.Qd3 Qc4 44.Qe3 Ke8 45.Nf3 Qc5 46.Bxb3 Qxe3 47.fxe3 
axb3 48.Nd2 Nc8 49.c4 c6 50.c5 Kd7 51.Kf2 Ne7 52.Nxb3 g5 53.g4 Ng6 54.Nd2 
Nf8 55.Nf1 Ne6 56.b4 Nd8 57.Ng3 Nf7 58.Ke2 Ke6 59.Kd3 Nd8 60.Kc3 Nf7 61.
Kb3 Nh8 62.a4 Ng6 63.Nf5 Kd7 64.Nd6 bxa4+ 65.Kxa4 Ne7 66.b5 cxb5+ 67.Kxb5 
Kc7 68.Ne8+ Kb7 69.Nxf6 Nc6 70.Ng8 Kc7 71.Nxh6 Nd8 72.Nf5 Nc6 73.Kc4 1-0

[Event "candidates (w)"]
[Site "Groningen NED"]
[Date "1997.12.18"]
[Round "9"]
[White "Galliamova-Ivanchuk, Alisa"]
[Black "Ioseliani, Nana"]
[Result "1-0"]
[WhiteElo "2445"]
[BlackElo "2520"]
[EventDate "1997.12.09"]
[PlyCount "97"]

1.e4 c5 2.Nf3 e6 3.d4 cxd4 4.Nxd4 a6 5.Bd3 Nf6 6.O-O Qc7 7.f4 Bc5 8.c3 Nc6
9.Kh1 d6 10.Nb3 Ba7 11.c4 h5 12.Qe2 Ng4 13.Nc3 Nd4 14.Nxd4 Bxd4 15.Nd1 Bd7
16.Bd2 Bc6 17.Rb1 Qe7 18.h3 Nf6 19.Bc3 Bxc3 20.Nxc3 h4 21.Qe3 Nd7 22.b4 b6
23.Rbd1 Rb8 24.Be2 Rh6 25.Rd3 e5 26.f5 Rc8 27.Rfd1 Bb7 28.R3d2 Bc6 29.c5 
bxc5 30.Bxa6 Rb8 31.b5 Ba8 32.a4 Rd8 33.a5 Nb8 34.Na4 Nxa6 35.bxa6 d5 36.
exd5 Rxa6 37.Qc3 Qd6 38.Nb6 f6 39.Rc1 c4 40.Nxc4 Qc5 41.Qb2 Qa7 42.d6 Rc6 
43.Qa2 Qf7 44.a6 Rd7 45.Qb3 Rc8 46.Qb5 Kf8 47.Rcc2 Rdd8 48.d7 Rc7 49.Nxe5 
1-0

[Event "candidates (w)"]
[Site "Groningen NED"]
[Date "1997.12.18"]
[Round "9"]
[White "Maric, Alisa"]
[Black "Arakhamia-Grant, Ketevan"]
[Result "1/2-1/2"]
[WhiteElo "2460"]
[BlackElo "2430"]
[EventDate "1997.12.09"]
[PlyCount "83"]

1.d4 Nf6 2.c4 g6 3.g3 c6 4.Bg2 d5 5.Nf3 Bg7 6.b3 O-O 7.O-O Ne4 8.Bb2 a5 9.
Nc3 Nxc3 10.Bxc3 b5 11.cxb5 cxb5 12.Rc1 Nc6 13.Ne5 Nxe5 14.dxe5 Bb7 15.Bd4
Qd7 16.Qd2 b4 17.Rc2 Rfc8 18.Rfc1 e6 19.e3 Bc6 20.f4 Qb7 21.Bc5 Bd7 22.Bd6
Rxc2 23.Rxc2 Rc8 24.Qc1 Rxc2 25.Qxc2 f6 26.exf6 Bxf6 27.Qc5 Qc6 28.Kf2 Bc3
29.Qxc6 Bxc6 30.a4 bxa3 31.Bxa3 Kf7 32.Bc5 Ke8 33.Bf1 Kd7 34.Bd3 e5 35.
fxe5 Bxe5 36.Bb6 a4 37.bxa4 Bxa4 38.Bd4 Ke6 39.Ba6 Bd7 40.Bf1 Ba4 41.Bh3+ 
Kd6 42.Bc8 1/2-1/2

[Event "candidates (w)"]
[Site "Groningen NED"]
[Date "1997.12.18"]
[Round "9"]
[White "Peng Zhaoqin"]
[Black "Cramling, Pia"]
[Result "1/2-1/2"]
[WhiteElo "2400"]
[BlackElo "2520"]
[EventDate "1997.12.09"]
[PlyCount "130"]

1.d4 Nf6 2.Nf3 c5 3.d5 e6 4.Nc3 Nxd5 5.Nxd5 exd5 6.Qxd5 Be7 7.e4 O-O 8.Bc4
d6 9.Qh5 Be6 10.Bxe6 fxe6 11.Ng5 Bxg5 12.Bxg5 Qa5+ 13.c3 Nc6 14.O-O Rae8 
15.Qd1 Qc7 16.Bh4 Rf7 17.Re1 b5 18.Bg3 Rd7 19.Qb3 Qb6 20.Rad1 Na5 21.Qc2 
Qc6 22.Qe2 Nb7 23.Rd2 c4 24.Qh5 Rf7 25.f3 e5 26.Red1 Re6 27.Qg5 h6 28.Qe3 
Nc5 29.Rd5 Nd3 30.b3 Rb7 31.Rb1 Ree7 32.h3 Rf7 33.Kh2 a6 34.Qd2 Rf6 35.Qe3
Kh7 36.Rd1 Rbf7 37.Rb1 Rb7 38.Bh4 Rg6 39.Bg3 Re6 40.Qd2 Rf6 41.Qe3 Qc7 42.
Qd2 Qc8 43.Qe3 Rg6 44.Rd1 h5 45.f4 h4 46.Bxh4 Nxf4 47.R5d2 cxb3 48.axb3 
Rc7 49.Rc1 Qe6 50.b4 Rc4 51.Rf1 Qc8 52.Rf3 Qc6 53.g3 Rxe4 54.Qf2 Nd5 55.
Rf8 Qc4 56.Qf3 Rxh4 57.gxh4 Nf6 58.h5 Rg5 59.Rxf6 gxf6 60.Qxf6 Rg7 61.Qf5+
Kg8 62.Rf2 Qxc3 63.Qe6+ Kh7 64.Qf5+ Kh8 65.Qf8+ Kh7 1/2-1/2

[Event "candidates (w)"]
[Site "Groningen NED"]
[Date "1997.12.20"]
[Round "10"]
[White "Xie Jun"]
[Black "Peng Zhaoqin"]
[Result "0-1"]
[WhiteElo "2495"]
[BlackElo "2400"]
[EventDate "1997.12.09"]
[PlyCount "142"]

1.e4 e6 2.d4 d5 3.Nd2 c5 4.exd5 exd5 5.Ngf3 Nc6 6.Bb5 Bd6 7.dxc5 Bxc5 8.
O-O Ne7 9.Nb3 Bd6 10.Re1 O-O 11.Bg5 Qc7 12.c3 Bg4 13.h3 Bh5 14.Be2 Bg6 15.
Nh4 Be4 16.Bd3 f6 17.Be3 f5 18.Bd4 Rae8 19.Nf3 Ng6 20.Bf1 h6 21.Nfd2 Nf4 
22.Re3 Ne6 23.Re1 Nexd4 24.Nxd4 Nxd4 25.cxd4 Qb6 26.Nxe4 fxe4 27.Re2 Kh8 
28.Rc1 Bf4 29.Rc3 Qg6 30.Re1 Qg5 31.Bb5 Re7 32.Rf1 Ref7 33.Qg4 Qf6 34.Qd1 
Bc7 35.Rc2 e3 36.fxe3 Qd6 37.Rxc7 Qxc7 38.Rxf7 Qxf7 39.Qd2 Qc7 40.Be2 Qg3 
41.Bg4 g6 42.Qe2 Rf6 43.Bf3 Rc6 44.Qd2 Qc7 45.Qb4 Qf7 46.Qa5 b6 47.Qb5 
Rc1+ 48.Kf2 Rc2+ 49.Kg1 h5 50.a4 h4 51.Qb4 Kg7 52.Qd6 Qe8 53.Qf4 Qe7 54.
Bxd5 g5 55.Qf3 Rxb2 56.Be4 Ra2 57.Qf5 Ra1+ 58.Kf2 Qf6 59.Qxf6+ Kxf6 60.Bc6
Rc1 61.Bb5 Rc3 62.Kf3 Ra3 63.Ke4 a6 64.Bc6 Rb3 65.d5 Rb4+ 66.Kf3 Ke5 67.g3
b5 68.axb5 a5 69.gxh4 gxh4 70.d6 Kxd6 71.e4 a4 0-1